Fr. Conceicao Rodrigues College of Engineering

Hand book of airconditining system design (Record no. 33034)

MARC details
000 -LEADER
fixed length control field 00275nam a2200121Ia 4500
082 ## - DEWEY DECIMAL CLASSIFICATION NUMBER
Classification number 697.93
100 ## - MAIN ENTRY--PERSONAL NAME
Personal name Carrier/
245 ## - TITLE STATEMENT
Title Hand book of airconditining system design
260 ## - PUBLICATION, DISTRIBUTION, ETC.
Name of publisher, distributor, etc. McGraw Hill
Place of publication, distribution, etc. New York
Date of publication, distribution, etc. 1965
546 ## - LANGUAGE NOTE
Language note ENGLISH
654 ## - SUBJECT ADDED ENTRY--FACETED TOPICAL TERMS
Focus term Hand book
942 ## - ADDED ENTRY ELEMENTS (KOHA)
Koha item type Reference Book
Holdings
Withdrawn status Lost status Damaged status Not for loan Collection Home library Current library Shelving location Date acquired Source of acquisition Cost, normal purchase price Inventory number Total Checkouts Full call number Barcode Date last seen Cost, replacement price Price effective from Koha item type
        AFT Fr. Agnel's C.Rodrigues College of Engineering Fr. Agnel's C.Rodrigues College of Engineering   17/03/2023 UBS 430.65 T-352   697.93 AFT2552 17/03/2023 430.65 17/03/2023 Reference Book